Child labor a national problem /

Bibliographic Details
Corporate Author: National Child Labor Committee (U.S.)
Format: Book
Language:English
Published: New York city : National child labor committee (incorporated), 1914.
Series:The child labor bulletin. v.3, no. 1
Subjects:

MARC

Tag First Indicator Second Indicator Subfields
LEADER 00000cam a2200000 4500
001 in00000058225
005 20151008051515.0
008 790830s1914 nyu 00000 eng
010 |a  15000029  
035 |a (OCoLC)05328408 
035 |9 AAG8337AM 
040 |a DLC  |c AFU  |d TXA  |d UtOrBLW 
049 |a TXAM  |c [21191] 
050 0 |a HD6250.U3  |b N4 
092 |a 331.3  |b N277c 
110 2 |a National Child Labor Committee (U.S.) 
245 1 0 |a Child labor a national problem /  |c proceedings of the tenth Annual conference on child labor, held at New Orleans, Louisiana, March 15-18, 1914, under the auspices of the National child labor committee. 
264 1 |a New York city :  |b National child labor committee (incorporated),  |c 1914. 
300 |a 2 pages 1., 198 pages ;  |c 23 cm. 
336 |a text  |b txt  |2 rdacontent 
337 |a unmediated  |b n  |2 rdamedia 
338 |a volume  |b nc  |2 rdacarrier 
490 0 |a The child labor bulletin. v.3, no. 1 
650 0 |a Child labor  |z United States. 
999 |a MARS 
999 f f |s c2452642-1efe-3a59-8527-ca9a0fb14522  |i e9b372b7-f761-3cda-992e-bba420141172  |t 0 
952 f f |p ric  |a Texas A&M University  |b Rellis Campus  |c Joint Library Facility  |d Remote Storage  |t 0  |e HD6250.U3 N4  |h Library of Congress classification  |i unmediated -- volume  |m A14800719648 
998 f f |a HD6250.U3 N4  |t 0  |l Remote Storage